| 000 | 00815nam a2200217 a 4500 | ||
|---|---|---|---|
| 001 | 000023472 | ||
| 005 | 20250513114214.0 | ||
| 008 | 101209s1974 ag r 000 0 spa d | ||
| 040 |
_aDO-SdBNP _bspa _cBNPHU8 |
||
| 082 |
_a371.3 _bV945i |
||
| 100 | 1 |
_aVon Haden, Herbert I. _948365 |
|
| 240 | 1 | 0 |
_aInnovations in education: Their pros and cons. _lEspañol. |
| 245 | 1 | 0 |
_aInnovaciones en educación : _bpros y contras / _cHerbert I Von Haden, Jean Marie King. |
| 260 |
_aBuenos Aires : _bPaidós, _c1974. |
||
| 300 |
_a222 P. ; _c20 cm. |
||
| 500 | _aIncluye referencias bibliográficas y notas al pie de las páginas. | ||
| 534 |
_aTítulo original del inglés: _tInnovations in education: Their pros and cons. |
||
| 650 | 0 |
_aInnovaciones educativas _917115 |
|
| 700 | 1 |
_aKing, Jean Marie _948366 |
|
| 049 | _aBNGR | ||
| 999 |
_c22968 _d22968 |
||